000 00585nam a2200193 a 4500
005 20140310183445.0
008 080925s19uu xx 00 eng d
020 _a9780071544108
050 _aHF 5718.22
_b.L36 2008
100 _aLane, Bill
245 _aJacked up :
_bthe inside story of how Jack Welch talked GE into becoming the world's greatest company /
_cBill Lane.
260 _aNew York :
_bMcGraw-Hill,
_c2008.
300 _a324 p. :
_c26 cm.
521 _aBSBA
650 _aManagement.
650 _aBusiness presentations.
942 _cBK
_2lcc
_kFOR
999 _c23211
_d23211